NFL Quiz 2 - Statistiken

Allgemein
  • Dieses Quiz wurde 155 mal gespielt
  • Das Durchschnittsergebnis liegt bei 12 aus 15
Antwortstatistiken
Frage Antwort % Korrekt
Aus wie vielen Mannschaften besteht die NFL? 32
100%
Wie Lautet der Spitzname der buffalo Bills Bills Mafia
100%
Bei welchen Teams Spielen die Kelce Brothers (stand 25.7.2023) Kansas City Chiefs & Philadelphia Eagles
100%
Von welchem Verein wurde Aaron Rodgers gedraftet? Green Bay Packers
96%
Wer ist der Commissioner Der NFL? Rodger Goodell
96%
Wie Lautet der Spitzname der Green Bay Packers Chesse Heads
93%
Welches Team ist kein Divisions-Rivale der New Orleans Saints in der NFC-South? Miami Dolphins
89%
Wie viele Spieler dürfen maximal in einem aktiven NFL-Roster stehen? 53
85%
Wie oft Gewannen Die New England Patriots den Super Bowl? 6
81%
Wie oft zog Tom Brady mit den New England Patriots in den Super Bowl ein? 9
81%
Auf welcher Position ist Jaire Alexander aktiv? Corner Back
81%
Wie viele Spiele spielt jedes Team in der Regular Season? 17
63%
Welches NFL teams Gewann Genauso Häufig den Super Bowl Wie die New England Patriots? Pittsburgh Steelers
63%
Aus welcher Entfernung traf Justin Tucker 2021 zum damals weitesten Field Goal der Geschichte? 66 Yards
56%
Welches Team ist kein Divisions-Rivale der Las Vegas Raiders in der AFC-West? Los Angeles Chargers
0%
Keine übereinstimmenden Quizze gefunden
Verteilung der Resultate
Anzahl Personen mit jedem Resultat
Perzentil nach korrekt beantworteten Fragen
Ihre Resultats-Entwicklung
Sie haben dieses Quiz noch nicht gespielt